[Event "POL-chT1"]
[Site "Poronin"]
[Date "2014.09.03"]
[Round "4.3"]
[White "Maciejczak, Jakub"]
[Black "Tazbir, Marcin"]
[Result "0-1"]
[WhiteElo "2333"]
[BlackElo "2527"]
[PlyCount "80"]
[EventDate "2014.08.31"]
[EventType "team-tourn"]
[EventRounds "9"]
[EventCountry "POL"]
[SourceTitle "CBM 162 Extra"]
[Source "ChessBase"]
[SourceDate "2014.10.17"]
[SourceVersion "1"]
[SourceVersionDate "2014.10.17"]
[SourceQuality "1"]
[WhiteTeam "Ostrow Welkopolski"]
[BlackTeam "Gliwice Akademia Szachowa II"]
[WhiteTeamCountry "POL"]
[BlackTeamCountry "POL"]

1. g3 d5 2. Bg2 Nf6 3. Nf3 c5 4. 0-0 g6 5. c4 d4 6. d3 Bg7 7. a3 0-0 8. b4 a5 9. bxc5 Nfd7 10. a4 Nxc5 11. Na3 Bd7 12. Nb5 Bc6 13. Rb1 Nba6 14. Ba3 Qd7 15. Nd2 Bxg2 16. Kxg2 b6 17. f3 f5 18. Nb3 Nb4 19. Nc1 e5 20. Bxb4 axb4 21. Na2 b3 22. Nc1 e4 23. Nxb3 exf3+ 24. exf3 Nxa4 25. Qc2 g5 26. Ra1 g4 27. h3 gxh3+ 28. Kxh3 f4+ 29. Kg2 fxg3 30. N3xd4 Nc5 31. Rxa8 Rxa8 32. Ne2 Nxd3 33. Rd1 Rd8 34. Rh1 Qf5 35. Qa2 Re8 36. Nbd4 Bxd4 37. Nxd4 Nf4+ 38. Kxg3 Qg5+ 39. Kh2 Qh4+ 40. Kg1 Re1# 0-1